000 00657nam a2200241Ia 4500
003 OSt
005 20220924114640.0
006 a|||||r|||| 00| 0
007 ta
008 220923b |||||||| |||| 00| 0 guj d
024 _a266370
037 _cTextual
040 _aARTS
_cARTS
_bguj
041 _2guj
_aguj
082 _aW6, 156L0
100 _aLindsay A. D.
_978290
245 0 _aThis translation of essentials of democracy
260 _aBombay
_bOxford University Press India
_c1970
300 _a121p.
_ccm.
650 _aPOLITICAL SCIENCE
942 _hW6, 156L0
_cTEXL
_2CC
999 _c394641
_d394641